000 00414nam a2200181Ia 4500
001 10111
005 20260306161807.0
008 260306t1987||||xx |||||||||||||| ||spa||
041 _aESP
082 _a892.7
_bG43 V. 1
100 _aGibrán, Khalil,
_eAUT
245 0 _aObras completas
260 _c1987
300 _a350 páginas :
_c20 cm.
650 _aGEN
654 _aCHU
942 _cLIB
_dJUS
_fJUS
_2ddc
_n
999 _c10111
_d10111